LEADER 01328nam--2200373---450- 001 990002397490203316 005 20091014120419.0 010 $a2-8027-1124-5 035 $a000239749 035 $aUSA01000239749 035 $a(ALEPH)000239749USA01 035 $a000239749 100 $a20050208d1998----km-y0itay0103----ba 101 $afre 102 $aBE 105 $a||||||||001yy 200 1 $aRecueil de jurisprudence de la cour d'arbitrage$epremiere mise a jour de l'ouvrage Dix ans de jurisprudence de la cour d'arbitrage :$e1 septembre 1995 - 31 decembre 1997$fJean Sarot, Pierre Vandernoot, Etienne Peremans$gavec la collaboration de Brigitte Paty 210 $aBruxelles$cBruylant$d1998 215 $a972 p.$d24 cm 606 0 $aArbitrato internazionale 676 $a341.522 700 1$aSAROT,$bJean$0262754 701 1$aVANDERNOOT,$bPierre$0262757 701 1$aPEREMANS,$bEtienne$0262756 702 1$aPATY,$bBrigitte 801 0$aIT$bsalbc$gISBD 912 $a990002397490203316 951 $aXXIII.1.A. 134 (IG VIII 5 FR 315)$b37717 G.$cXXIII.1.A. 134 (IG VIII 5)$d00089244 959 $aBK 969 $aGIU 979 $aMARIASEN$b90$c20050208$lUSA01$h1830 979 $aRSIAV3$b90$c20091014$lUSA01$h1204 996 $aRecueil de jurisprudence de la cour d'arbitrage$91064719 997 $aUNISA